000
00358nam a2200133Ia 4500
008
230411s9999 xx 000 0 und d
041
_a
eng
082
_a
N/613.2/GOP/B00030
100
_a
Gopalan C
245
_a
Nutritive Value of Indian Foods
260
_b
National Institute Of Nutrition
_a
Hyderabad
_c
2004
300
_a
161p
999
_c
151554
_d
151554